00707cam a22002531 4500001001300000003000400013005001700017008004100034010001700075035002000092040001700112042001200129050001800141100001600159245002000175260003900195300003700234500002800271500004900299500002600348651004100374752002100415999001700436he 67002380 DLC20260227111451.0830616s1965 is 000 0 heb  ahe 67002380  a(OCoLC)19160721 aDLCcMHdDLC apremarc00aDS110.B35bF31 aFarkash, E.10aBeʼer Shevaʻ. a[Tel Aviv] :b[Tsel-ʼor],c[1965] a107 p. :bchiefly ill. ;c12 cm. aAdded t.p.: Beer-Sheba. aIntroduction in Hebrew, English, and French. aMaps on lining paper. 0aBeersheba (Israel)vPictorial works. aIsraeldTel Aviv c32787d32787